000 02161nam a2200325 a 4500
001 000009298
003 OSt
005 20240412074210.0
007 ta
008 090929s1999 dr a r 000 p spa d
020 _a8484002985
040 _aDO-SdBNP
_bspa
_cDO-SdBNP
082 4 _aRD861.44
_bM671zHay,1999
_222
100 1 _aMir, Pedro,
_d1913-2000
_97245
245 1 0 _aHay un país en el mundo y otros poemas /
_cPedro Mir.
250 _aEd. ampliada.
260 _aSanto Domingo :
_bTaller,
_c1999.
300 _a238 p. :
_bil. ;
_c21 cm.
490 1 _aBiblioteca taller
_v81
504 _aIncluye referencias bibliográficas y notas al pie de las páginas.
505 0 _tHay un poeta en el mundo llamado Pedro Mir /
_rLuis Beiro --
_tDe sus primeros versos --
_tA la carta que no ha de venir --
_tCatorce versos --
_tAbulia --
_tBolero-son --
_tPoema del llano trigüeño --
_tAlegría de la manaña blanca --
_tProtesta del cariño y de la espera --
_tGrito para enterrar un maestro --
_tPor el recuerdo de Urania Silva --
_tRomance de los nueve meses --
_tCanción de ayer tarde --
_tHallazgo --
_tMaterial de mi aldea --
_tTerruño --
_tRomance del llanto lejano --
_tLas fuentes --
_tFábula del silencio y Galatea --
_tPlática del pozo --
_tLa vida manda que pueble estos caminos --
_tEvocación del ruido --
_tPresencia del olvido --
_tRomance del sol de doce --
_tHay un país en el mundo --
_tSi alguien quiere saber cuál es mi patria --
_tDominí --
_tContracanto a Walt Whitman --
_tElegía del 14 de junio --
_tBalada del exiliado --
_tAl portaviones ''intrépido"--
_tNi un paso atrás --
_tMeditación a orillas de la tarde --
_tAmén de mariposas --
_tConcierto de esperanza para la mano izquierda --
_tIntroducción --
_tA capriccio --
_tAndante --
_tSolo de esperanza --
_tGrave --
_tCadencia --
_tEl huracán Neruda --
_tA Julia sin lágrimas.
590 _aInventariado, 2018/BT
600 0 _aMIR, PEDRO,
_d1913-2000
_xCRÍTICA E INTERPRETACIÓN
_919950
650 0 _aPoesía dominicana
_966
650 0 _aLiteratura dominicana.
_967
830 0 _aBiblioteca taller
_n81
_924027
910 _aValidado. Control de calidad. MMOLINA
942 _2ddc
_cLBS1
956 _aVMateo
999 _c9059
_d9059